| 000 | 00917nam a2200229Ia 4500 | ||
|---|---|---|---|
| 999 |
_c39308 _d39308 |
||
| 001 | 5894 | ||
| 003 | GE_BSU | ||
| 005 | 20190819102811.0 | ||
| 008 | 181216s1960||||ge |||||||||||||| ||geo|| | ||
| 040 | _cGE_BSU | ||
| 041 | _ageo | ||
| 080 | _a821.353.1+821.353.1-1 ა-13 | ||
| 100 |
_aაბაშელი, ალექსანდრე _93648 |
||
| 245 |
_aთხზულებათა კრებული 2 ტომად / _cალექსანდრე აბაშელი ; რედ. კ. ბობოხიძე |
||
| 264 |
_aთბილისი : _bსაბჭოთა საქართველო ; _c1960. |
||
| 300 |
_a391 გვ. ; _c20 სმ. |
||
| 653 | _aლექსები 1939-1954 | ||
| 653 | _aმოთხრობები | ||
| 653 | _aწერილები | ||
| 700 |
_aბობოხიძე, კ. _eრედაქტორი _93666 |
||
| 942 |
_cBK _2udc |
||